Május - választás - 1990
Elmentve itt :
| Szerző: | |
|---|---|
| Adatforrás: | Meister |
| Forrásdokumentuma: | Helikon. - 23 sz., 1990, 3 p. |
| Nyelv: | magyar |
| Kulcsszavak: | politikai publicisztika választások (romániai, 1990) |
| LEADER | 00368nab a2200133 i 4500 | ||
|---|---|---|---|
| 001 | bibPRO00008739 | ||
| 008 | 060524s1990 xx hun | ||
| 040 | |a Sz1 | ||
| 041 | |a hun | ||
| 100 | 1 | |a MOLNOS Lajos | |
| 245 | 1 | 0 | |a Május - választás - 1990 |c MOLNOS Lajos |
| 695 | |a politikai publicisztika | ||
| 695 | |a választások (romániai, 1990) | ||
| 773 | 0 | |t Helikon. - |g 23 sz., 1990, 3 p. | |